000 00857nam a22001697a 4500
003 OSt
005 20251205164038.0
008 251205b |||||||| |||| 00| 0 eng d
040 _cDCL
082 _a၂၉၄.၃၄၃၅၀၉
100 0 _aဝင်းမောင်၊ ရေနံ့သာ
245 1 0 _aကမ္ဘာကျော် ပုဂံရှေးဟောင်းစေတီပုထိုးများ /
_cရေနံ့သာဝင်းမောင်။
264 _aရန်ကုန် ၊
_bရွက်စိမ်းစာပေ၊
_c၂၀၁၄။
300 _a၁၀၈ စာမျက်နှာ ၊
_bဓာတ်ပုံများ၊
_c၂၁ စင်တီ။
650 _aပုဂံရှေးဟောင်းစေတီများ
_xသမိုင်း
942 _2ddc
_cSHORT TERM
_n0
999 _c2660
_d2660